Central Library OPAC University of Rajshahi

Kenya, into the second decade : (Record no. 5192)

MARC details
000 -LEADER
fixed length control field 00994cam a2200289 i 4500
001 - CONTROL NUMBER
control field 5192
003 - CONTROL NUMBER IDENTIFIER
rucl marc code BD-RjUL
005 - DATE AND TIME OF LATEST TRANSACTION
control field 20211208234027.0
008 - FIXED-LENGTH DATA ELEMENTS--GENERAL INFORMATION
fixed length control field 131224s1975 mdu bs 001 0 eng
020 ## - INTERNATIONAL STANDARD BOOK NUMBER
International Standard Book Number 0801817544.
-- 0801817552
035 ## - SYSTEM CONTROL NUMBER
System control number (BD-RjUL)5228
040 ## - CATALOGING SOURCE
Original cataloging agency DLC
Transcribing agency DLC
Modifying agency DLC
-- BD-RjUL
Language of cataloging eng
041 ## - LANGUAGE CODE
Language code of text/sound track or separate title eng
082 00 - DEWEY DECIMAL CLASSIFICATION NUMBER
Classification number 330.9676204
Author mark and year KEN 1975
110 2# - MAIN ENTRY--CORPORATE NAME
Corporate name or jurisdiction name as entry element World Bank.
9 (RLIN) 6092
245 10 - TITLE STATEMENT
Title Kenya, into the second decade :
Remainder of title report of a mission sent to Kenya by the World Bank /
Statement of responsibility, etc. chief of mission and coordinating author, John Burrows.
260 ## - PUBLICATION, DISTRIBUTION, ETC. (IMPRINT)
Place of publication, distribution, etc. Baltimore :
Name of publisher, distributor, etc. Published for the World Bank by the Johns Hopkins University Press,
Date of publication, distribution, etc. c1975
300 ## - PHYSICAL DESCRIPTION
Pagination xiii, 533 p. ;
Size 26 cm.
504 ## - BIBLIOGRAPHY, ETC. NOTE
Bibliography, etc Bibliography: p. 76-80.
Bibliography, etc Includes index.
651 #0 - SUBJECT ADDED ENTRY--GEOGRAPHIC NAME
Geographic name Kenya
General subdivision Economic conditions
Chronological subdivision 1963-
9 (RLIN) 16335
700 1# - ADDED ENTRY--PERSONAL NAME
Personal name Burrows, John R.
942 ## - ADDED ENTRY ELEMENTS (KOHA)
Source of classification or shelving scheme Dewey Decimal Classification
Koha item type Books
Holdings
Lost status Source of classification or shelving scheme Damaged status Not for loan Collection code Permanent Location Current Location Shelving location Date acquired Source of acquisition Cost, normal purchase price Total Checkouts Full call number Date last seen Copy number Koha item type
  Dewey Decimal Classification   Not For Loan Non-fiction Central Library, University of Rajshahi Central Library, University of Rajshahi   23/06/1976 World Bank. 0.00   330.9676204 KEN 1975 24/12/2013 C-1 Books